Historia social de la literatura y el arte
Shranjeno v:
| Glavni avtor: | |
|---|---|
| Format: | Knjiga |
| Jezik: | Undetermined |
| Izdano: |
Madrid, España
Guadarrama
1964
|
| Izdaja: | 3 |
| Teme: | |
| Oznake: |
Označite
Brez oznak, prvi označite!
|
MARC
| LEADER | 00000nam a2200000Ia 4500 | ||
|---|---|---|---|
| 008 | 170316s9999 xx 000 0 und d | ||
| 090 | |a 801 H-5h v.I | ||
| 100 | |a Hauser, Arnold | ||
| 245 | |a Historia social de la literatura y el arte | ||
| 250 | |a 3 | ||
| 260 | |a Madrid, España | ||
| 260 | |b Guadarrama | ||
| 260 | |c 1964 | ||
| 300 | |a 528 páginas Tomo I | ||
| 650 | |a TEORÍA LITERARIA | ||
| 650 | |a ARTE | ||
| 650 | |a SOCIEDAD | ||
| 650 | |a PALEOLITICO | ||
| 650 | |a NEOLITICO | ||
| 650 | |a ARTE ORIENTAL | ||
| 650 | |a ESTEREOTIPACION | ||
| 650 | |a NATURALISMO | ||
| 650 | |a MESOPOTAMIA | ||
| 650 | |a CRETA | ||
| 650 | |a GRECIA | ||
| 650 | |a ROMA | ||
| 650 | |a POETAS-ANTIGUEDAD | ||
| 650 | |a POEMAS ÉPICOS | ||
| 650 | |a ESTILO ROMANICO | ||
| 650 | |a RENACIMIENTO | ||
| 650 | |a MANIERISMO | ||
| 650 | |a BARROCO | ||
| 999 | |c 20360 |d 20360 | ||
| 040 | |a cru BVZT | ||
| 942 | |c 15 D |h 801 H-5h v.I |2 z | ||
